NLSUI OPAC header image

Ignoring reason, inviting disaster : Threat to Ganga-Himalaya (Record no. 5507)

MARC details
000 -LEADER
fixed length control field 00439nam a2200157Ia 4500
008 - FIXED-LENGTH DATA ELEMENTS--GENERAL INFORMATION
fixed length control field 160316s1992 xxu||||| |||| 00| 0 eng d
082 ## - DEWEY DECIMAL CLASSIFICATION NUMBER
Classification number 344.046000
Item number IGN
100 ## - MAIN ENTRY--PERSONAL NAME
Personal name
245 ## - TITLE STATEMENT
Title Ignoring reason, inviting disaster : Threat to Ganga-Himalaya
250 ## - EDITION STATEMENT
Edition statement
260 ## - PUBLICATION, DISTRIBUTION, ETC.
Place of publication, distribution, etc. New Delhi
Name of publisher, distributor, etc. Friends of Chipko
Date of publication, distribution, etc. 1992
300 ## - PHYSICAL DESCRIPTION
Extent 68p
Other physical details 20 cm
Dimensions
365 ## - TRADE PRICE
Price amount Rs.120/-
650 ## - SUBJECT ADDED ENTRY--TOPICAL TERM
Topical term or geographic name entry element 1.Environment - Dams - Construction - Impacts
700 ## - ADDED ENTRY--PERSONAL NAME
Personal name
--
Holdings
Withdrawn status Lost status Damaged status Not for loan Home library Current library Shelving location Date acquired Cost, normal purchase price Total Checkouts Total Renewals Full call number Barcode Date last seen Date last checked out Price effective from Koha item type
        . .   30.05.2017 120.00 1 2 344.046 IGN 5693 23.09.2021 13.09.2021 30.05.2017 BOOKs